000 00338cam a2200145ua 4500
001 5055
008 150422n II |||gr||||Z||||||asm
040 _aMAIN
041 _aEnglish
082 _a920 DAS
100 _aDAS, INDOBHUSAN.
245 _aRAMMOHAN , BIDIYA SAGAR MICHELL
653 _aBiography, genealogy & insignia
942 _cBK
999 _c5041
_d5041